000 00782nam a2200277Ia 4500
003 OSt
005 20221007062339.0
006 a|||||r|||| 00| 0
007 ta
008 221006b |||||||| |||| 00| 0 eng d
024 _a9,499
037 _cReference Collections
040 _aFLL
_cFLL
_beng
041 _2eng
_aeng
082 _aZ2,3, N9.2
100 _aSinghal Au.
_9682664
245 0 _aIndian contract act
250 _a4th
260 _aAllahabad
_bLaw book comp. India
_c1999
300 _axi,1139-2380p
_ccm.
490 _vVol.2
700 _a Shanmukham K. Au.
_9682665
700 _a Subrahmanyan Au.
_9682666
942 _hZ2,3, N9.2
_cREF
_2CC
999 _c1128374
_d1128374